00535nam a2200229Ia 450000500170000000800460001702000180006303700100008104000080009104000080009904000080010704100080011504100080012308400080013110000100013924500440014925000110019326000310020426000090023565000160024485600450026020260306153356.0008 260114s9999 xx 000 0 eng d a9781139165570 aEBOOK aCRL beng cCRL 2eng aeng qCRL aLyons 0aIntroduction to Theoretical Linguistics a1st Ed bCambridge University Press c2012 aLinguistics uhttps://doi.org/10.1017/CBO9781139165570